[Event "ISL-chT2 2122"]
[Site "Reykjavik"]
[Date "2022.03.05"]
[Round "5.2"]
[White "Palsson, Halldor"]
[Black "Magnusson, Jon"]
[Result "1-0"]
[WhiteElo "1991"]
[BlackElo "1860"]
[PlyCount "41"]
[EventDate "2021.10.01"]
[EventType "team-tourn"]
[EventRounds "7"]
[EventCountry "ISL"]
[SourceTitle "EXT 2024"]
[Source "ChessBase"]
[SourceDate "2023.10.10"]
[SourceVersion "1"]
[SourceVersionDate "2023.10.10"]
[SourceQuality "1"]
[WhiteTeam "Vikingaklubburinn II"]
[BlackTeam "Gardabaer III"]
[WhiteTeamCountry "ISL"]
[BlackTeamCountry "ISL"]

1. d4 Nf6 2. c4 g6 3. Nc3 Bg7 4. e4 d6 5. f3 0-0 6. Be3 Nc6 7. Qd2 e5 8. d5 Ne7 9. 0-0-0 a6 10. g4 Rb8 11. h4 h5 12. Qg2 hxg4 13. Be2 g3 14. Qxg3 Nh5 15. Qh2 b5 16. cxb5 axb5 17. Bxb5 Bd7 18. Bc4 Rb4 19. Bb3 Nc8 20. Kc2 Qf6 21. Bg5 1-0

[Event "ISL-chT2 2122"]
[Site "Reykjavik"]
[Date "2021.10.01"]
[Round "1.2"]
[White "Palsson, Halldor"]
[Black "Hansen, Soren Bech"]
[Result "0-1"]
[WhiteElo "1991"]
[BlackElo "2296"]
[PlyCount "117"]
[EventDate "2021.10.01"]
[EventType "team-tourn"]
[EventRounds "7"]
[EventCountry "ISL"]
[SourceTitle "EXT 2024"]
[Source "ChessBase"]
[SourceDate "2023.10.10"]
[SourceVersion "1"]
[SourceVersionDate "2023.10.10"]
[SourceQuality "1"]
[WhiteTeam "Vikingaklubburinn II"]
[BlackTeam "Reykjavik KR"]
[WhiteTeamCountry "ISL"]
[BlackTeamCountry "ISL"]

1. d4 Nf6 2. c4 e6 3. Nc3 Bb4 4. Bd2 0-0 5. a3 Bxc3 6. Bxc3 Ne4 7. Qd3 Nxc3 8. Qxc3 d6 9. g3 Qf6 10. Nf3 Nc6 11. Bg2 a5 12. 0-0 a4 13. Rfd1 Re8 14. e3 e5 15. dxe5 Nxe5 16. Nxe5 Rxe5 17. Rd5 c6 18. Rd4 c5 19. Rd2 Qe7 20. Re1 Qc7 21. Red1 Re6 22. Bh3 Rf6 23. Bxc8 Rxc8 24. Rd5 Qb6 25. R1d2 Re6 26. Qc2 Qa6 27. Qd3 g6 28. h4 h5 29. Kg2 Rce8 30. Rc2 Rb8 31. Rd2 Rbe8 32. Rc2 R8e7 33. Re2 Re4 34. Rxd6 Qxc4 35. Qxc4 Rxc4 36. Rb6 Rd7 37. Kf3 Kf8 38. e4 Ke7 39. Kf4 Kd8 40. Kg5 Kc7 41. Rf6 b5 42. f4 b4 43. Ra6 b3 44. e5 Rc2 45. Re3 Rxb2 46. Rxa4 Kb6 47. Rc4 Rd4 48. Rcc3 c4 49. Kf6 Rb1 50. Kxf7 b2 51. e6 Rc1 52. Rb3+ cxb3 53. Rxb3+ Ka6 54. Rxb2 Rc6 55. Rb8 Rd3 56. Re8 Rxg3 57. Rg8 Rg4 58. Rxg6 Rxf4+ 59. Kg7 0-1

[Event "ISL-chT1 1920"]
[Site "Reykjavik"]
[Date "2021.05.15"]
[Round "7.5"]
[White "Palsson, Halldor"]
[Black "Heidarsson, Arnar Milutin"]
[Result "1-0"]
[WhiteElo "2001"]
[BlackElo "1980"]
[PlyCount "101"]
[EventDate "2019.10.03"]
[EventType "team-tourn"]
[EventRounds "9"]
[EventCountry "ISL"]
[SourceTitle "EXT 2022"]
[Source "ChessBase"]
[SourceDate "2021.10.06"]
[SourceVersion "1"]
[SourceVersionDate "2021.10.06"]
[SourceQuality "1"]
[WhiteTeam "Vikingaklubburinn"]
[BlackTeam "Breidjablik Bolungarvik"]
[WhiteTeamCountry "ISL"]
[BlackTeamCountry "ISL"]

1. d4 Nf6 2. c4 e6 3. Nc3 Bb4 4. a3 Bxc3+ 5. bxc3 d5 6. e3 0-0 7. Bd3 b6 8. Ne2 Bb7 9. 0-0 Nbd7 10. cxd5 exd5 11. Ng3 c5 12. f3 Re8 13. Ra2 Qc7 14. Re2 h5 15. Qe1 Rad8 16. e4 cxd4 17. cxd4 g6 18. e5 Nh7 19. f4 Ndf8 20. f5 h4 21. e6 fxe6 22. fxg6 hxg3 23. Rf7 Rd7 24. Rc2 Qd8 25. Qxg3 Nf6 26. Bg5 Rxf7 27. gxf7+ Kxf7 28. Bh6 Ke7 29. Qg7+ Kd6 30. Bf4+ e5 31. dxe5+ Rxe5 32. Re2 N8d7 33. Bf5 Ba6 34. Re1 Bc4 35. g4 b5 36. Bxd7 Nxd7 37. Bxe5+ Nxe5 38. Qxe5+ Kc6 39. Qe6+ Kc5 40. Qe7+ Qxe7 41. Rxe7 a5 42. Kf2 Kd4 43. h4 Kc3 44. h5 d4 45. h6 Bd3 46. h7 Bxh7 47. Rxh7 b4 48. axb4 axb4 49. Ke2 d3+ 50. Kd1 b3 51. g5 1-0

[Event "ISL-chT1 1920"]
[Site "Reykjavik"]
[Date "2021.05.15"]
[Round "8.2"]
[White "Sigurthorsson, Kristinn J"]
[Black "Palsson, Halldor"]
[Result "1-0"]
[WhiteElo "1778"]
[BlackElo "2001"]
[PlyCount "79"]
[EventDate "2019.10.03"]
[EventType "team-tourn"]
[EventRounds "9"]
[EventCountry "ISL"]
[SourceTitle "EXT 2022"]
[Source "ChessBase"]
[SourceDate "2021.10.06"]
[SourceVersion "1"]
[SourceVersionDate "2021.10.06"]
[SourceQuality "1"]
[WhiteTeam "Taflfelag Gardjabaejar"]
[BlackTeam "Vikingaklubburinn"]
[WhiteTeamCountry "ISL"]
[BlackTeamCountry "ISL"]

1. e4 e5 2. Nf3 d6 3. d4 Nd7 4. Bc4 Be7 5. Nc3 c6 6. a4 Ngf6 7. 0-0 0-0 8. Bb3 b6 9. Re1 a6 10. h3 Bb7 11. Bg5 h6 12. Bh4 b5 13. d5 b4 14. dxc6 Bxc6 15. Bxf6 Nxf6 16. Nd5 Nxd5 17. Bxd5 Bxd5 18. Qxd5 Rc8 19. Rac1 Qb6 20. Qb3 Rc5 21. Rcd1 Rfc8 22. c3 a5 23. Rd5 Rxd5 24. exd5 Qc5 25. cxb4 axb4 26. Re4 Qc1+ 27. Kh2 Rc2 28. Rxb4 Rxf2 29. Qc3 Qf1 30. Qc8+ Bf8 31. Qg4 h5 32. Qg3 Rc2 33. Rb8 Rc1 34. Qg5 Qh1+ 35. Kg3 f6 36. Qf5 h4+ 37. Nxh4 Qe1+ 38. Qf2 Qa5 39. Ng6 Kf7 40. Nxf8 1-0

[Event "ISL-chT1 1920"]
[Site "Reykjavik"]
[Date "2019.10.05"]
[Round "3.3"]
[White "Briem, Stephan"]
[Black "Palsson, Halldor"]
[Result "1-0"]
[WhiteElo "2199"]
[BlackElo "2001"]
[PlyCount "147"]
[EventDate "2019.10.03"]
[EventType "team-tourn"]
[EventRounds "9"]
[EventCountry "ISL"]
[SourceTitle "CBM 195 Extra"]
[Source "ChessBase"]
[SourceDate "2020.05.31"]
[SourceVersion "1"]
[SourceVersionDate "2020.05.31"]
[SourceQuality "1"]
[WhiteTeam "Breidjablik Bolungarvik"]
[BlackTeam "Vikingaklubburinn II"]
[WhiteTeamCountry "ISL"]
[BlackTeamCountry "ISL"]

1. d4 Nf6 2. c4 e6 3. Nc3 d5 4. cxd5 exd5 5. Bg5 c6 6. e3 Nbd7 7. Bd3 Bd6 8. Nge2 h6 9. Bf4 Bxf4 10. Nxf4 Nf8 11. 0-0 Ne6 12. Nxe6 Bxe6 13. b4 0-0 14. a4 Qd6 15. b5 Rac8 16. h3 Qb4 17. Ne2 b6 18. Qb1 Qxb1 19. Rfxb1 c5 20. dxc5 Rxc5 21. a5 Bd7 22. axb6 axb6 23. Ra7 Rb8 24. Nd4 g6 25. Rba1 Kf8 26. Ra8 Rcc8 27. Rxb8 Rxb8 28. Ra7 Be8 29. Bc2 Rc8 30. Rb7 Nd7 31. Nc6 Nc5 32. Rxb6 Nd7 33. Rb7 Nc5 34. Rb6 Nd7 35. Ra6 Nc5 36. Ra5 Bxc6 37. bxc6 Rxc6 38. Bd1 Ke7 39. Bf3 Ke6 40. g4 g5 41. Kg2 Ke5 42. Ra7 Rf6 43. Re7+ Kd6 44. Re8 Ne6 45. Ra8 Nc7 46. Rd8+ Ke7 47. Rb8 Re6 48. Rb7 Kd6 49. Bd1 Rf6 50. Ba4 Re6 51. Rb8 Rf6 52. Rd8+ Kc5 53. Bb3 Rd6 54. Rc8 Kc6 55. Rf8 Rf6 56. Ba4+ Kd6 57. Rd8+ Kc5 58. Rd7 Ne6 59. Bb3 d4 60. Bxe6 fxe6 61. Rxd4 e5 62. Rd8 Kc6 63. Kg3 Kc5 64. Rd1 Kc6 65. Rd2 Kc5 66. Rd1 Kc6 67. Rd3 Kc5 68. Rd2 Kc6 69. h4 Kc5 70. hxg5 hxg5 71. Rd8 Rg6 72. f4 exf4+ 73. exf4 gxf4+ 74. Kxf4 1-0

[Event "EU-Cup 34th"]
[Site "Porto Carras"]
[Date "2018.10.15"]
[Round "4.5"]
[White "Papula, Niko"]
[Black "Palsson, Halldor"]
[Result "0-1"]
[WhiteElo "1914"]
[BlackElo "2020"]
[PlyCount "46"]
[EventDate "2018.10.12"]
[EventType "team-swiss"]
[EventRounds "7"]
[EventCountry "GRE"]
[SourceTitle "CBM 187"]
[Source "ChessBase"]
[SourceDate "2018.12.11"]
[SourceVersion "1"]
[SourceVersionDate "2018.12.11"]
[SourceQuality "1"]
[WhiteTeam "Comeon"]
[BlackTeam "Viking CC"]
[WhiteTeamCountry "FIN"]
[BlackTeamCountry "ISL"]

1. c4 Nf6 2. Nc3 e5 3. e3 d5 4. cxd5 Nxd5 5. Nxd5 Qxd5 6. Qc2 Nc6 7. a3 Be6 8. Ne2 Qb3 9. Qxb3 Bxb3 10. Nc3 0-0-0 11. Be2 Be7 12. Bd1 Na5 13. Rf1 f5 14. f3 Rd6 15. f4 e4 16. Nb5 Rd5 17. Be2 Bc5 18. g4 g6 19. gxf5 gxf5 20. d4 exd3 21. Bf3 Rd7 22. e4 Bc4 23. Bd2 Nb3 0-1

[Event "Reykjavik Faxaven op"]
[Site "Reykjavik"]
[Date "2018.04.18"]
[Round "5"]
[White "Olafsson, Thorvadur F"]
[Black "Palsson, Halldor"]
[Result "1-0"]
[WhiteElo "2176"]
[BlackElo "2056"]
[PlyCount "74"]
[EventDate "2018.03.21"]
[EventType "swiss"]
[EventRounds "7"]
[EventCountry "ISL"]
[SourceTitle "EXT 2019"]
[Source "ChessBase"]
[SourceDate "2018.10.10"]
[SourceVersion "1"]
[SourceVersionDate "2018.10.10"]
[SourceQuality "1"]

1. e4 d6 2. d4 Nf6 3. Nc3 e5 4. Nf3 Nbd7 5. Bc4 Be7 6. a4 0-0 7. 0-0 c6 8. a5 Nxe4 9. Nxe4 d5 10. Re1 dxc4 11. dxe5 Nc5 12. Qe2 Nxe4 13. Qxe4 Qd5 14. Bg5 Qxe4 15. Rxe4 Bxg5 16. Nxg5 h6 17. Nf3 Be6 18. Nd4 Bd5 19. Ree1 b5 20. Rad1 a6 21. Nf5 Rfe8 22. f4 Re6 23. Kf2 Ra7 24. Ne3 Be4 25. Rd4 f5 26. exf6 Bh7 27. fxg7 Kxg7 28. f5 Rf7 29. g4 h5 30. h3 Re5 31. Ng2 Rxe1 32. Nxe1 Kf6 33. Nf3 hxg4 34. hxg4 Rc7 35. Rd6+ Kg7 36. Ng5 Bg8 37. f6+ Kf8 1-0

[Event "Reykjavik Faxaven op"]
[Site "Reykjavik"]
[Date "2018.03.28"]
[Round "2"]
[White "Palsson, Halldor"]
[Black "Jonatansson, Sigurdur Freyr"]
[Result "1-0"]
[WhiteElo "2056"]
[BlackElo "1649"]
[PlyCount "89"]
[EventDate "2018.03.21"]
[EventType "swiss"]
[EventRounds "7"]
[EventCountry "ISL"]
[SourceTitle "EXT 2019"]
[Source "ChessBase"]
[SourceDate "2018.10.10"]
[SourceVersion "1"]
[SourceVersionDate "2018.10.10"]
[SourceQuality "1"]

1. d4 Nf6 2. Nf3 g6 3. Bf4 d6 4. e3 Bg7 5. Be2 0-0 6. Nbd2 Nc6 7. c4 Nh5 8. Bg5 f6 9. Bh4 Bh6 10. d5 Nb8 11. Nd4 Ng7 12. Bf3 Nd7 13. g4 Ne5 14. Be2 g5 15. Bg3 f5 16. gxf5 Bxf5 17. Qb3 c5 18. dxc6 Nxc6 19. c5+ Kh8 20. Nxc6 bxc6 21. Qa4 Qd7 22. Bf3 d5 23. 0-0 Rab8 24. b4 Rb7 25. Rfd1 Bg4 26. Bxg4 Qxg4 27. Qxc6 Rxb4 28. Qxd5 Ne6 29. Nb3 Rd8 30. Qxd8+ Nxd8 31. Rxd8+ Kg7 32. Rc1 Rc4 33. c6 Rxc1+ 34. Nxc1 Qc4 35. Be5+ Kf7 36. c7 Qxc1+ 37. Kg2 Bg7 38. c8Q Qxc8 39. Rxc8 Bxe5 40. Rc6 Bd6 41. Ra6 Bc5 42. Ra5 Bb6 43. Rxg5 Kf6 44. Rb5 Kg6 45. a4 1-0

[Event "Reykjavik Faxaven op"]
[Site "Reykjavik"]
[Date "2018.03.21"]
[Round "1"]
[White "Thorsson, Pall"]
[Black "Palsson, Halldor"]
[Result "1-0"]
[WhiteElo "1693"]
[BlackElo "2056"]
[PlyCount "115"]
[EventDate "2018.03.21"]
[EventType "swiss"]
[EventRounds "7"]
[EventCountry "ISL"]
[SourceTitle "EXT 2019"]
[Source "ChessBase"]
[SourceDate "2018.10.10"]
[SourceVersion "1"]
[SourceVersionDate "2018.10.10"]
[SourceQuality "1"]

1. g3 d5 2. Bg2 e5 3. d3 c6 4. Nf3 Bd6 5. c4 Ne7 6. Nc3 0-0 7. e4 dxc4 8. dxc4 f6 9. Be3 Na6 10. 0-0 Be6 11. Qe2 Nc8 12. Nh4 Qe7 13. Nf5 Qf7 14. b3 Bc5 15. Rad1 Bb4 16. Na4 Re8 17. h4 Kh8 18. h5 Bf8 19. c5 Nc7 20. Bf3 Bxf5 21. exf5 Nd5 22. Qc4 Nce7 23. g4 Red8 24. Nc3 Kg8 25. Bc1 b5 26. cxb6 axb6 27. a4 Nc7 28. Qxf7+ Kxf7 29. Be3 Ncd5 30. Nxd5 Nxd5 31. Bxd5+ cxd5 32. Bxb6 Rdb8 33. a5 d4 34. Rc1 Bd6 35. Rc6 Ke7 36. Rd1 Rb7 37. f3 Kd7 38. Rc4 Rc8 39. Rdc1 Rcb8 40. b4 Rxb6 41. axb6 Rxb6 42. Rb1 Rb5 43. Kf2 Be7 44. Ke2 Kd6 45. Kd3 Bd8 46. Rc8 Kd7 47. Rc5 Rb7 48. Ke4 Be7 49. Rd5+ Kc6 50. b5+ Kb6 51. f4 exf4 52. Rxd4 Bc5 53. Rd8 Be3 54. Rbd1 Ka5 55. R8d7 Rxb5 56. R7d5 Rxd5 57. Rxd5+ Kb6 58. Rd7 1-0

[Event "EU-Cup 33rd"]
[Site "Antalya"]
[Date "2017.10.14"]
[Round "7.5"]
[White "Draskovic, Davor"]
[Black "Palsson, Halldor"]
[Result "0-1"]
[WhiteElo "2004"]
[BlackElo "2019"]
[PlyCount "98"]
[EventDate "2017.10.08"]
[EventType "team-swiss"]
[EventRounds "7"]
[EventCountry "TUR"]
[SourceTitle "CBM 181"]
[Source "ChessBase"]
[SourceDate "2017.11.10"]
[SourceVersion "1"]
[SourceVersionDate "2017.11.10"]
[SourceQuality "1"]
[WhiteTeam "Elektroprivreda"]
[BlackTeam "Viking"]
[WhiteTeamCountry "MNE"]
[BlackTeamCountry "ISL"]

1. e4 Nc6 2. d4 e5 3. Nf3 exd4 4. Nxd4 Bc5 5. Be3 Qf6 6. c3 Nge7 7. Bc4 b6 8. 0-0 Bb7 9. Nc2 Ne5 10. Bxc5 bxc5 11. Qe2 Nxc4 12. Qxc4 Ba6 13. Qxc5 Bxf1 14. Kxf1 d6 15. Qxc7 0-0 16. Nd2 Rfc8 17. Qa5 Qf4 18. Nf3 Qxe4 19. Nb4 Rc5 20. Qa6 Qc4+ 21. Qxc4 Rxc4 22. a4 a5 23. Nd3 Nf5 24. h3 h5 25. Ke2 d5 26. Nfe5 Re4+ 27. Kf1 f6 28. Nf3 Rc8 29. Nd2 Re7 30. Nf4 Rb7 31. Ra2 d4 32. c4 h4 33. Nd3 g5 34. Ra1 Kf7 35. b3 Ne7 36. Rc1 Kg6 37. Re1 Kf7 38. c5 Rc6 39. Rc1 Re6 40. Nb2 Nc6 41. Nbc4 Kg6 42. Nb6 Nb4 43. Ndc4 Nd3 44. Rd1 Rbe7 45. g4 Re1+ 46. Rxe1 Rxe1+ 47. Kg2 Nxc5 48. Nxa5 d3 49. Nac4 Nxb3 0-1

[Event "EU-Cup 33rd"]
[Site "Antalya"]
[Date "2017.10.13"]
[Round "6.5"]
[White "Palsson, Halldor"]
[Black "Ruane, Ciaran"]
[Result "1-0"]
[WhiteElo "2019"]
[BlackElo "1946"]
[PlyCount "103"]
[EventDate "2017.10.08"]
[EventType "team-swiss"]
[EventRounds "7"]
[EventCountry "TUR"]
[SourceTitle "CBM 181"]
[Source "ChessBase"]
[SourceDate "2017.11.10"]
[SourceVersion "1"]
[SourceVersionDate "2017.11.10"]
[SourceQuality "1"]
[WhiteTeam "Viking"]
[BlackTeam "Benildus"]
[WhiteTeamCountry "ISL"]
[BlackTeamCountry "IRL"]

1. d4 d5 2. Bf4 Nf6 3. e3 e6 4. Nf3 c5 5. c3 Bd6 6. Ne5 0-0 7. Nd2 Qc7 8. Bd3 Nc6 9. Nxc6 Bxf4 10. exf4 bxc6 11. g3 Rb8 12. b3 Qb6 13. Nf3 a5 14. 0-0 cxd4 15. cxd4 Ba6 16. Bxa6 Qxa6 17. Ne5 Rfc8 18. Qc2 Rb7 19. Rac1 Rbc7 20. Nd3 Nd7 21. Nc5 Nxc5 22. Qxc5 Qb5 23. Rc3 a4 24. b4 Qxc5 25. Rxc5 Ra8 26. Rfc1 Ra6 27. b5 Rb6 28. Rxc6 Rcxc6 29. Rxc6 Rb8 30. Kf1 Kf8 31. Rc5 Ke7 32. Ke2 Kd6 33. Kd2 f6 34. Kc3 e5 35. Kb4 exd4 36. Rc6+ Kd7 37. Kxa4 d3 38. Rc3 Kd6 39. Rxd3 Kc5 40. Rc3+ Kd4 41. Rc7 Kd3 42. Kb4 d4 43. a4 Kd2 44. a5 d3 45. Rd7 Ke2 46. a6 d2 47. a7 Ra8 48. b6 d1Q 49. Rxd1 Kxd1 50. Kb5 Ke2 51. Kc6 Kxf2 52. Kb7 1-0

[Event "EU-Cup 33rd"]
[Site "Antalya"]
[Date "2017.10.12"]
[Round "5.5"]
[White "Asllani, Ibrahim"]
[Black "Palsson, Halldor"]
[Result "1/2-1/2"]
[WhiteElo "2072"]
[BlackElo "2019"]
[PlyCount "80"]
[EventDate "2017.10.08"]
[EventType "team-swiss"]
[EventRounds "7"]
[EventCountry "TUR"]
[SourceTitle "CBM 181"]
[Source "ChessBase"]
[SourceDate "2017.11.10"]
[SourceVersion "1"]
[SourceVersionDate "2017.11.10"]
[SourceQuality "1"]
[WhiteTeam "Pristina"]
[BlackTeam "Viking"]
[WhiteTeamCountry "KOS"]
[BlackTeamCountry "ISL"]

1. d4 Nf6 2. c4 e6 3. Nf3 b6 4. g3 Bb7 5. Bg2 Be7 6. Nc3 0-0 7. 0-0 Ne4 8. Qc2 f5 9. Rd1 d6 10. b3 Nxc3 11. Qxc3 Bf6 12. Bb2 Nd7 13. Ng5 Bxg5 14. Bxb7 Rb8 15. Bc6 Qe7 16. f4 Bf6 17. Rd3 Kh8 18. Re3 Qf7 19. Rd1 Rbd8 20. Qc2 Nb8 21. Bg2 d5 22. Ba3 Rfe8 23. Red3 c6 24. e3 Qd7 25. Bf3 Rg8 26. h4 g6 27. Qh2 h5 28. Qe2 Rc8 29. Rc1 Rc7 30. c5 b5 31. Bb4 Rb7 32. Qc2 Bd8 33. Ra1 a5 34. Bc3 Ra7 35. a4 b4 36. Bb2 Qe8 37. Re1 Nd7 38. Rd2 Nf6 39. Rde2 Qf7 40. Rd2 Qd7 1/2-1/2

[Event "EU-Cup 33rd"]
[Site "Antalya"]
[Date "2017.10.11"]
[Round "4.5"]
[White "Vihinen, Teemu"]
[Black "Palsson, Halldor"]
[Result "1/2-1/2"]
[WhiteElo "2164"]
[BlackElo "2019"]
[PlyCount "71"]
[EventDate "2017.10.08"]
[EventType "team-swiss"]
[EventRounds "7"]
[EventCountry "TUR"]
[SourceTitle "CBM 181"]
[Source "ChessBase"]
[SourceDate "2017.11.10"]
[SourceVersion "1"]
[SourceVersionDate "2017.11.10"]
[SourceQuality "1"]
[WhiteTeam "Etela Vantaan"]
[BlackTeam "Viking"]
[WhiteTeamCountry "FIN"]
[BlackTeamCountry "ISL"]

1. e4 d6 2. d4 Nf6 3. Nc3 e5 4. dxe5 dxe5 5. Qxd8+ Kxd8 6. Bg5 Be6 7. 0-0-0+ Kc8 8. f4 exf4 9. Nge2 Bd6 10. Bxf4 Bxf4+ 11. Nxf4 Re8 12. Nxe6 fxe6 13. g4 Nbd7 14. Be2 Ne5 15. g5 Nfd7 16. Bh5 Rf8 17. Rhf1 Rxf1 18. Rxf1 Kd8 19. Be2 Ke7 20. Kd2 c6 21. Ke3 Rf8 22. Rxf8 Kxf8 23. Nd1 Ke7 24. Nf2 Kd6 25. c3 Nf8 26. b3 Nfd7 27. Nd3 Nxd3 28. Bxd3 Ke5 29. Be2 Nf8 30. Bh5 g6 31. Bf3 Nd7 32. Bd1 Nc5 33. Bc2 Nd7 34. Bd1 Nc5 35. Bc2 Nd7 36. Bd1 1/2-1/2

[Event "EU-Cup 33rd"]
[Site "Antalya"]
[Date "2017.10.10"]
[Round "3.5"]
[White "Palsson, Halldor"]
[Black "McMorrow, John"]
[Result "1-0"]
[WhiteElo "2019"]
[BlackElo "2012"]
[PlyCount "77"]
[EventDate "2017.10.08"]
[EventType "team-swiss"]
[EventRounds "7"]
[EventCountry "TUR"]
[SourceTitle "CBM 181"]
[Source "ChessBase"]
[SourceDate "2017.11.10"]
[SourceVersion "1"]
[SourceVersionDate "2017.11.10"]
[SourceQuality "1"]
[WhiteTeam "Viking"]
[BlackTeam "Gonzaga"]
[WhiteTeamCountry "ISL"]
[BlackTeamCountry "IRL"]

1. d4 d5 2. Nf3 Nf6 3. Bf4 c5 4. e3 Qb6 5. b3 e6 6. c3 Nbd7 7. Be2 cxd4 8. exd4 Ne4 9. 0-0 Bd6 10. Bxd6 Qxd6 11. c4 b6 12. Nfd2 Ndf6 13. Nxe4 Nxe4 14. cxd5 exd5 15. f3 Ng5 16. Qd2 Ne6 17. f4 f5 18. Nc3 0-0 19. Bf3 Bb7 20. g3 Qb4 21. Rad1 Rad8 22. Rfe1 Nc7 23. Re5 g6 24. Qd3 Rfe8 25. Rde1 Rxe5 26. Rxe5 Qd6 27. Qe3 Kf7 28. h4 Bc6 29. a4 a6 30. g4 fxg4 31. Bxg4 Re8 32. Ne2 Qf6 33. Qg3 Rxe5 34. fxe5 Qe7 35. Nf4 Ke8 36. e6 Kd8 37. Nd3 Nxe6 38. Qb8+ Kd7 39. Ne5# 1-0

[Event "ISL-chT2 1516"]
[Site "Reykjavik"]
[Date "2016.03.04"]
[Round "5.3"]
[White "Magnusson, Gunnar1"]
[Black "Palsson, Halldor"]
[Result "0-1"]
[WhiteElo "2086"]
[BlackElo "2039"]
[PlyCount "68"]
[EventDate "2015.09.25"]
[EventType "team-tourn"]
[EventRounds "7"]
[EventCountry "ISL"]
[SourceTitle "EXT 2017"]
[Source "ChessBase"]
[SourceDate "2016.10.25"]
[SourceVersion "1"]
[SourceVersionDate "2016.10.25"]
[SourceQuality "1"]
[WhiteTeam "Iceland CC"]
[BlackTeam "Reykjavik III"]
[WhiteTeamCountry "ISL"]
[BlackTeamCountry "ISL"]

1. d4 d6 2. c4 e5 3. Nc3 Nc6 4. d5 Nce7 5. e4 Nf6 6. Be2 Ng6 7. Be3 Be7 8. g3 h5 9. h4 Ng4 10. Bxg4 Bxg4 11. f3 Bd7 12. Nh3 Bxh3 13. Rxh3 Qd7 14. Rh1 a6 15. Qe2 0-0 16. 0-0-0 Rfb8 17. f4 exf4 18. gxf4 b5 19. c5 b4 20. c6 Qg4 21. Qxg4 hxg4 22. Ne2 Nxh4 23. Nd4 Re8 24. e5 g6 25. e6 Bf6 26. exf7+ Kxf7 27. Ne6 Rxe6 28. dxe6+ Kxe6 29. Bd4 Bxd4 30. Rxd4 Nf3 31. Rd3 Rf8 32. Kd1 Rxf4 33. Rh6 Ne5 34. Re3 Kd5 0-1

[Event "ISL-chT 1516"]
[Site "Reykjavik"]
[Date "2015.09.26"]
[Round "4.5"]
[White "Palsson, Halldor"]
[Black "Karlsson, Mikael Johann"]
[Result "0-1"]
[WhiteElo "2014"]
[BlackElo "2157"]
[PlyCount "62"]
[EventDate "2015.09.24"]
[EventType "team-tourn"]
[EventRounds "9"]
[EventCountry "ISL"]
[SourceTitle "EXT 2017"]
[Source "ChessBase"]
[SourceDate "2016.10.25"]
[SourceVersion "1"]
[SourceVersionDate "2016.10.25"]
[SourceQuality "1"]
[WhiteTeam "Reykjavik II"]
[BlackTeam "Akureyri"]
[WhiteTeamCountry "ISL"]
[BlackTeamCountry "ISL"]

1. b3 b6 2. Bb2 Nf6 3. f4 Bb7 4. Nf3 e6 5. e3 Be7 6. c4 c5 7. Qe2 d5 8. Ne5 0-0 9. d3 Nc6 10. Nxc6 Bxc6 11. Nc3 Qc7 12. Rg1 d4 13. Nd1 dxe3 14. g3 Nd7 15. Qxe3 Bf6 16. Bxf6 Nxf6 17. Nf2 Rfe8 18. 0-0-0 Qb7 19. Be2 e5 20. f5 Qd7 21. Ne4 Nxe4 22. dxe4 Qb7 23. Bd3 Rad8 24. Bc2 Rd4 25. Rde1 b5 26. cxb5 Qxb5 27. f6 gxf6 28. Rgf1 Re6 29. Rf5 Kf8 30. Qh6+ Ke7 31. Qxh7 Qa5 0-1

[Event "Reykjavik Skakmot op"]
[Site "Reykjavik"]
[Date "2015.05.06"]
[Round "6"]
[White "Olafsson, Thorvadur F"]
[Black "Palsson, Halldor"]
[Result "1-0"]
[WhiteElo "2230"]
[BlackElo "2021"]
[PlyCount "79"]
[EventDate "2015.03.25"]
[EventType "swiss"]
[EventRounds "7"]
[EventCountry "ISL"]
[SourceTitle "EXT 2016"]
[Source "ChessBase"]
[SourceDate "2015.10.08"]
[SourceVersion "1"]
[SourceVersionDate "2015.10.08"]
[SourceQuality "1"]

1. Nf3 c5 2. e4 Nc6 3. d4 cxd4 4. Nxd4 Nf6 5. Nc3 e5 6. Ndb5 d6 7. Bg5 a6 8. Na3 Be6 9. Nc4 Nd4 10. Bd3 Be7 11. Bxf6 Bxf6 12. Ne3 0-0 13. Ncd5 Bg5 14. c3 Bxe3 15. Nxe3 Nc6 16. 0-0 f5 17. exf5 Bf7 18. Be4 Qh4 19. Bxc6 bxc6 20. Qxd6 Qf6 21. Qxf6 gxf6 22. Rfd1 Rfd8 23. b3 Kf8 24. Rxd8+ Rxd8 25. Rd1 Rxd1+ 26. Nxd1 Ke7 27. f3 Kd6 28. Kf2 a5 29. Nb2 Kc5 30. Ke3 Kd6 31. Kd3 Kc5 32. Ke3 Kd6 33. g4 h6 34. h4 Bg8 35. Nd3 a4 36. bxa4 Bxa2 37. Nf2 Bc4 38. Ne4+ Ke7 39. a5 Bf1 40. Nc5 1-0

[Event "Reykjavik Skakmot op"]
[Site "Reykjavik"]
[Date "2015.04.08"]
[Round "2"]
[White "Palsson, Halldor"]
[Black "Halldorsson, Kristjan"]
[Result "1-0"]
[WhiteElo "2021"]
[BlackElo "1863"]
[PlyCount "39"]
[EventDate "2015.03.25"]
[EventType "swiss"]
[EventRounds "7"]
[EventCountry "ISL"]
[SourceTitle "EXT 2016"]
[Source "ChessBase"]
[SourceDate "2015.10.08"]
[SourceVersion "1"]
[SourceVersionDate "2015.10.08"]
[SourceQuality "1"]

1. e4 c5 2. Nf3 e6 3. c3 d5 4. e5 Ne7 5. d4 cxd4 6. cxd4 Ng6 7. h4 Bb4+ 8. Nc3 h6 9. h5 Ne7 10. Bd3 Nbc6 11. Kf1 a6 12. Ne2 Bd7 13. g4 Qc7 14. a3 Ba5 15. Be3 0-0-0 16. b4 Bb6 17. Rc1 Kb8 18. a4 f6 19. b5 Rdf8 20. exf6 1-0

[Event "ISL-chT 1314"]
[Site "Reykjavik"]
[Date "2014.03.01"]
[Round "9.5"]
[White "Palsson, Halldor"]
[Black "Stefansson, Hannes"]
[Result "0-1"]
[WhiteElo "2051"]
[BlackElo "2521"]
[PlyCount "58"]
[EventDate "2013.10.10"]
[EventType "team-tourn"]
[EventRounds "9"]
[EventCountry "ISL"]
[SourceTitle "EXT 2015"]
[Source "ChessBase"]
[SourceDate "2014.11.20"]
[SourceVersion "1"]
[SourceVersionDate "2014.11.20"]
[SourceQuality "1"]
[WhiteTeam "Reykjavik II"]
[BlackTeam "Vikingaklubburinn"]
[WhiteTeamCountry "ISL"]
[BlackTeamCountry "ISL"]

1. b3 d5 2. Bb2 c5 3. e3 a6 4. f4 Nf6 5. Nf3 g6 6. a4 Bg7 7. Be2 0-0 8. 0-0 b6 9. Qe1 Bb7 10. Qh4 Nc6 11. f5 gxf5 12. Ng5 h6 13. Rxf5 Bc8 14. Rf3 hxg5 15. Qxg5 e5 16. Rg3 Ne8 17. Qh5 f5 18. Nc3 Be6 19. Rf1 d4 20. Ne4 fxe4 21. Rxf8+ Kxf8 22. Qh7 Qf6 23. Qxe4 Bf5 24. Qf3 Ra7 25. e4 Be6 26. Qh5 Rf7 27. Rf3 Qh6 28. Qxh6 Bxh6 29. Rh3 Bxd2 0-1